Normal view MARC view
  • Malaysia.

Entry Corporate Name

Number of records used in: 1

001 - CONTROL NUMBER

  • control field: 8987

003 - CONTROL NUMBER IDENTIFIER

  • control field: OSt

005 - DATE AND TIME OF LATEST TRANSACTION

  • control field: 20170727150520.0

008 - FIXED-LENGTH DATA ELEMENTS

  • fixed length control field: 170727|| aca||aabn | a|a d

040 ## - CATALOGING SOURCE

  • Original cataloging agency: OSt
  • Transcribing agency: OSt

110 ## - HEADING--CORPORATE NAME

  • Corporate name or jurisdiction name as entry element: Malaysia.
  • Title of a work: Akta Bahan-bahan Kakisan dan Letupan dan Senjata Berbahaya, 1958

670 ## - SOURCE DATA FOUND

  • Source citation: Work cat.: (OSt)0: Malaysia 400, Explosives Act 1957 (Act 207) 19957 (Revised -1978) & Corrosive and Explosive Substance and Offensive Weapons Act 1958 (Revised 1988) (Act 357) :, 2017.
Pusat Sumber Maklumat Dato' Haji Sarmin Md Hussin, Akademi Kastam Diraja Malaysia, Melaka
Tel: 06-2331106 | Faks: 06-2313787